000 00314nam a22001337a 4500
008 170930b xxu||||| |||| 00| 0 eng d
020 _a9780131892590
041 _aeng
080 _a37
100 _a47
101 _aEDU
245 _aTHE POLITICAL SCIENCE STUDENT WRITER'S MANUAL
_cSCOTT, G.M
942 _2udc
_cBK
999 _c31026
_d31026